[Event "16th Asian Games Team Women"]
[Site "Guangzhou CHN"]
[Date "2010.11.21"]
[Round "4"]
[White "Mir Mahmoud, Afamia"]
[Black "Byun, Sungwon"]
[Result "1-0"]
[BlackTitle "WCM"]
[WhiteElo "2010"]
[BlackElo "1612"]
[WhiteTeam "SYR"]
[BlackTeam "KOR"]
[WhiteFideId "7600674"]
[BlackFideId "13200852"]
[EventDate "2010.11.18"]

1. d4 d5 2. Nf3 Nf6 3. c4 c6 4. Nc3 dxc4 5. a4 Bf5 6. e3 e6 7. Bxc4 Bb4 8. O-O
O-O 9. Qe2 a5 10. e4 Bg4 11. Rd1 Nbd7 12. Bg5 h6 13. Bh4 Qc7 14. Bg3 Qd8 15. h3
Bh5 16. Bd3 Nb6 17. Bh4 Be7 18. Bg3 Kh8 19. Bc2 Rc8 20. Bh2 Qe8 21. e5 Bxf3 22.
Qxf3 Nh7 23. Qd3 g6 24. Ne4 Nd5 25. Qd2 Qd8 26. Qxh6 Kg8 27. Bg3 Nb4 28. Qd2 Bh4
29. Ra3 b5 30. Nd6 Rc7 31. axb5 cxb5 32. Bb1 Bxg3 33. Rxg3 Qd7 34. Ne4 Qe7 35.
Qh6 Nd5 36. Rg4 f5 37. exf6 Ndxf6 38. Rxg6+ 1-0

[Event "16th Asian Games Team Women"]
[Site "Guangzhou CHN"]
[Date "2010.11.21"]
[Round "4"]
[White "Boshra, Alshaeby"]
[Black "Enkhtuul, Altanulzii"]
[Result "0-1"]
[BlackTitle "WCM"]
[WhiteElo "1807"]
[BlackElo "2121"]
[WhiteTeam "JOR"]
[BlackTeam "MGL"]
[WhiteFideId "8102937"]
[BlackFideId "4901444"]
[EventDate "2010.11.18"]

1. d4 d5 2. c4 e6 3. Nf3 Nf6 4. e3 Bb4+ 5. Bd2 Qe7 6. a3 Bxd2+ 7. Nbxd2 O-O 8.
Bd3 Nbd7 9. O-O b6 10. e4 dxe4 11. Nxe4 Bb7 12. Qe2 Nxe4 13. Bxe4 Bxe4 14. Qxe4
Nf6 15. Qe2 c5 16. d5 Rfe8 17. Rfe1 Qb7 18. dxe6 Rxe6 19. Qd3 Rae8 20. Rxe6 Rxe6
21. Re1 Rxe1+ 22. Nxe1 Qe7 23. Nc2 h6 24. Ne3 Qe5 25. Qd2 h5 26. h3 g6 27. Nd1
Ne4 28. Qe3 Qf5 29. Nc3 Nd6 30. Qe7 Nxc4 31. Qxa7 Qe6 32. Na4 Qe1+ 33. Kh2 Qxf2
34. Nxb6 Ne3 35. Qa8+ Kg7 36. Nd7 Qf4+ 37. Kh1 Qd6 38. Qf3 Nf5 39. Qb7 h4 40.
Qb5 Qd1+ 41. Kh2 Ng3 0-1

[Event "16th Asian Games Team Women"]
[Site "Guangzhou CHN"]
[Date "2010.11.22"]
[Round "5.1"]
[White "Hoang, Thi Bao Tram"]
[Black "Hou, Yifan"]
[Result "0-1"]
[WhiteTitle "WGM"]
[BlackTitle "GM"]
[WhiteElo "2271"]
[BlackElo "2591"]
[WhiteTeam "VIE"]
[BlackTeam "CHN"]
[WhiteFideId "12401102"]
[BlackFideId "8602980"]
[EventDate "2010.11.18"]

1. d4 d5 2. Nf3 Nf6 3. e3 e6 4. Bd3 b6 5. b3 Bb7 6. Bb2 Bd6 7. Nbd2 c5 8. Ne5
O-O 9. O-O Nc6 10. a3 Rc8 11. Qe2 Ne7 12. f4 Ne4 13. g3 Nxd2 14. Qxd2 f6 15. Qg2
Nf5 16. Ng4 Qe7 17. Rfe1 c4 18. bxc4 dxc4 19. Be4 Bxe4 20. Qxe4 c3 21. Bc1 Qf7
22. Nf2 g6 23. Nd3 Rc4 24. Rd1 e5 25. fxe5 fxe5 26. Nxe5 Bxe5 27. Rf1 Bg7 0-1

[Event "16th Asian Games Team Women"]
[Site "Guangzhou CHN"]
[Date "2010.11.22"]
[Round "5.2"]
[White "Ju, Wenjun"]
[Black "Pham, Le Thao Nguyen"]
[Result "1-0"]
[WhiteTitle "WGM"]
[BlackTitle "WIM"]
[WhiteElo "2524"]
[BlackElo "2337"]
[WhiteTeam "CHN"]
[BlackTeam "VIE"]
[WhiteFideId "8603006"]
[BlackFideId "12401226"]
[EventDate "2010.11.18"]

1. d4 d5 2. c4 c6 3. Nf3 Nf6 4. Qc2 dxc4 5. Qxc4 Bf5 6. g3 e6 7. Bg2 Be7 8. O-O
Nbd7 9. Nc3 O-O 10. e3 h6 11. Qe2 Ne4 12. Nd2 Nxd2 13. Bxd2 e5 14. d5 c5 15. e4
Bg6 16. f4 a6 17. Bh3 Bf6 18. f5 Bh7 19. Rad1 Bg5 20. d6 Kh8 21. Nd5 Bg8 22. f6
gxf6 23. Bxd7 Qxd7 24. Qh5 Bh7 25. Bxg5 fxg5 26. Nf6 1-0

[Event "16th Asian Games Team Women"]
[Site "Guangzhou CHN"]
[Date "2010.11.22"]
[Round "5.3"]
[White "Nguyen, Thi Mai Hung"]
[Black "Zhao, Xue"]
[Result "0-1"]
[WhiteTitle "WIM"]
[BlackTitle "GM"]
[WhiteElo "2253"]
[BlackElo "2474"]
[WhiteTeam "VIE"]
[BlackTeam "CHN"]
[WhiteFideId "12401676"]
[BlackFideId "8601283"]
[EventDate "2010.11.18"]

1. d4 Nf6 2. Bf4 g6 3. e3 Bg7 4. Nf3 d6 5. Be2 O-O 6. h3 c5 7. c3 Be6 8. O-O Qb6
9. Qc2 Rc8 10. Nbd2 cxd4 11. exd4 Nc6 12. Rac1 Nb4 13. Qa4 Nbd5 14. Bg5 Qxb2 15.
Rc2 Nxc3 16. Rxb2 Nxa4 17. Rxb7 Nc3 18. Bd3 Rcb8 19. Rxb8+ Rxb8 20. a3 h6 21.
Be3 Nfd5 22. Rc1 Bf5 23. Bc4 Rc8 24. Kh2 Na4 25. Re1 Nab6 26. Bb3 Bc2 27. Rc1
Bxb3 28. Rxc8+ Nxc8 29. Nxb3 f5 30. Bd2 g5 31. Kg1 Ncb6 32. Kf1 Nc4 33. Bc1 Nc3
34. g4 Kf7 35. Ke1 fxg4 36. hxg4 Ke6 37. Bd2 Nb1 38. a4 Ncxd2 39. Nbxd2 Nc3 40.
Nc4 Kd5 41. Ne3+ Ke4 42. Nd2+ Kf4 43. a5 Bxd4 44. Nf5 Bc5 45. Nxh6 e6 46. Nb3
Bb4 47. Kf1 Nb5 48. Ke2 Nc3+ 49. Kd3 Ne4 50. Ke2 Nc5 51. Nd4 Bxa5 52. Nb5 d5 53.
Nxa7 d4 54. Nc6 d3+ 55. Kf1 Bc3 56. Ne7 Kf3 57. Nf7 d2 58. Nxg5+ Kxg4 0-1

[Event "16th Asian Games Team Women"]
[Site "Guangzhou CHN"]
[Date "2010.11.22"]
[Round "5.4"]
[White "Wang, Yu A."]
[Black "Nguyen, Thi Tuong Van"]
[Result "1/2-1/2"]
[WhiteTitle "IM"]
[BlackTitle "WIM"]
[WhiteElo "2403"]
[BlackElo "2214"]
[WhiteTeam "CHN"]
[BlackTeam "VIE"]
[WhiteFideId "8601097"]
[BlackFideId "12400270"]
[EventDate "2010.11.18"]

1. e4 c5 2. Nf3 d6 3. d4 cxd4 4. Qxd4 Nc6 5. Bb5 Bd7 6. Bxc6 Bxc6 7. c4 Nf6 8.
Nc3 g6 9. O-O Bg7 10. Be3 O-O 11. Qd3 Ng4 12. Bd2 Qb6 13. h3 Ne5 14. Nxe5 Bxe5
15. Rab1 a6 16. Be3 Qd8 17. Nd5 b5 18. Rfc1 e6 19. Nb4 bxc4 20. Qxc4 Bb5 21. Qc2
Rc8 22. Qd2 Qd7 23. b3 Qb7 24. f3 Rfd8 25. Bg5 Rxc1+ 26. Rxc1 Rc8 27. Be3 Rxc1+
28. Qxc1 a5 29. Nc2 d5 30. exd5 Qxd5 31. Qd2 a4 32. Qxd5 exd5 33. Nd4 axb3 34.
axb3 Bd3 35. f4 Bd6 36. Kf2 Kf8 37. g3 h5 38. g4 hxg4 39. hxg4 Ke7 40. Nc6+ Ke8
41. g5 Kd7 1/2-1/2

[Event "16th Asian Games Team Women"]
[Site "Guangzhou CHN"]
[Date "2010.11.22"]
[Round "5.5"]
[White "Harika, Dronavalli"]
[Black "Lkhamsuren, Uuganbayar"]
[Result "1-0"]
[WhiteTitle "IM"]
[WhiteElo "2525"]
[BlackElo "2181"]
[WhiteTeam "IND"]
[BlackTeam "MGL"]
[WhiteFideId "5015197"]
[BlackFideId "4901347"]
[EventDate "2010.11.18"]

1. Nf3 d5 2. d4 Nf6 3. c4 e6 4. Bg5 Nbd7 5. Nc3 Bb4 6. cxd5 exd5 7. Rc1 c6 8. e3
Qa5 9. Qb3 Ne4 10. Bf4 Ndf6 11. Be2 Nxc3 12. bxc3 Ba3 13. Bc7 b6 14. Ra1 Ne4 15.
O-O Bg4 16. Rfe1 Rc8 17. Bf4 Nxc3 18. Bd3 O-O 19. Qc2 h6 20. Ne5 Be6 21. Bh7+
Kh8 22. Bf5 Qa4 23. Qd3 Bb2 24. Bxe6 fxe6 25. Ng6+ Kg8 26. Nxf8 Rxf8 27. Bd6 Rf5
28. Rab1 Nxb1 29. Rxb1 Bxd4 30. exd4 Qxa2 31. Bg3 Qc4 32. Qe3 Kf7 33. h4 c5 34.
Re1 Rf6 35. Be5 Rg6 36. h5 Rg5 37. Bf4 1-0

[Event "16th Asian Games Team Women"]
[Site "Guangzhou CHN"]
[Date "2010.11.22"]
[Round "5.6"]
[White "Tuvshintugs, Batchimeg"]
[Black "Tania, Sachdev"]
[Result "1/2-1/2"]
[WhiteTitle "WGM"]
[BlackTitle "IM"]
[WhiteElo "2327"]
[BlackElo "2385"]
[WhiteTeam "MGL"]
[BlackTeam "IND"]
[WhiteFideId "4900839"]
[BlackFideId "5007844"]
[EventDate "2010.11.18"]

1. d4 d5 2. Nf3 Nf6 3. c4 c6 4. Nc3 dxc4 5. a4 Na6 6. e3 Bg4 7. Bxc4 e6 8. h3
Bh5 9. Be2 Be7 10. O-O O-O 11. Bd2 c5 12. Nb5 Ne4 13. Be1 Nb4 14. Ne5 Bxe2 15.
Qxe2 a6 16. dxc5 Nd5 17. Nd4 Bxc5 18. Rd1 Qc7 19. Nef3 Rac8 20. Qd3 Ndf6 21. Rc1
Qe7 22. Ba5 Qd7 23. Qb3 Bxd4 24. Nxd4 Nc5 25. Rxc5 Rxc5 26. Bb4 Rfc8 27. Bxc5
Rxc5 28. Rd1 Qc7 29. Nf3 h6 30. Qd3 Rc1 31. Qd2 Rxd1+ 32. Qxd1 Qd7 33. Qc2 Qd5
34. Nd4 g6 1/2-1/2

[Event "16th Asian Games Team Women"]
[Site "Guangzhou CHN"]
[Date "2010.11.22"]
[Round "5.7"]
[White "Meenakshi Subbaraman"]
[Black "Enkhtuul, Altanulzii"]
[Result "1-0"]
[WhiteTitle "WGM"]
[BlackTitle "WCM"]
[WhiteElo "2328"]
[BlackElo "2121"]
[WhiteTeam "IND"]
[BlackTeam "MGL"]
[WhiteFideId "5004381"]
[BlackFideId "4901444"]
[EventDate "2010.11.18"]

1. c4 e6 2. Nf3 Nf6 3. Nc3 d5 4. cxd5 exd5 5. d4 Bb4 6. Bg5 Nbd7 7. Rc1 c5 8.
Qa4 Qa5 9. Qxa5 Bxa5 10. dxc5 Ne4 11. Bd2 O-O 12. Nxe4 dxe4 13. Bxa5 exf3 14.
gxf3 Re8 15. e3 b6 16. cxb6 axb6 17. Bc3 Rxa2 18. Bb5 Ra7 19. Ke2 Ba6 20. Bxa6
Rxa6 21. Rhd1 Nc5 22. Rd6 Ne6 23. Rcd1 h6 24. Rc6 Nc5 25. Rdd6 Na4 26. Bd4 Ra5
27. b3 Nc5 28. Rxb6 Ra2+ 29. Kf1 Nd3 30. e4 Nf4 31. Ra6 Rc2 32. Be3 Ng6 33. Ra7
Rb2 34. Rb7 Nh4 35. Rdb6 Nxf3 36. Rb8 Rxb8 37. Rxb8+ Kh7 38. Kg2 Ne1+ 39. Kg3
Nc2 40. Bc5 Ne1 41. Bd4 Rd2 42. Be3 Rd3 43. b4 Nc2 44. Kf4 g5+ 45. Ke5 Nxe3 46.
fxe3 Rxe3 47. b5 Re2 48. b6 Rxh2 49. Rf8 Rb2 50. Rxf7+ Kg6 51. Rf6+ Kg7 52. Rc6
g4 53. Kf4 Rb4 54. Kxg4 Rxe4+ 55. Kf5 Rb4 56. Rc7+ Kh8 57. b7 Rb5+ 58. Ke4 Rb4+
59. Kd3 Rb3+ 60. Kc2 Rb6 61. Rc8+ Kg7 62. b8=Q Rxb8 63. Rxb8 Kf6 64. Rb5 1-0

[Event "16th Asian Games Team Women"]
[Site "Guangzhou CHN"]
[Date "2010.11.22"]
[Round "5.10"]
[White "Sabirova, Olga"]
[Black "Paridar, Shadi"]
[Result "1-0"]
[WhiteTitle "WIM"]
[BlackTitle "WGM"]
[WhiteElo "2205"]
[BlackElo "2253"]
[WhiteTeam "UZB"]
[BlackTeam "IRI"]
[WhiteFideId "14200201"]
[BlackFideId "12500666"]
[EventDate "2010.11.18"]

1. e4 c5 2. Nc3 e6 3. g3 Nc6 4. Bg2 g6 5. d3 Bg7 6. Be3 Nd4 7. Qd2 Nf6 8. h3 d6
9. Nd1 O-O 10. c3 Nc6 11. Ne2 b6 12. Bh6 d5 13. Bxg7 Kxg7 14. exd5 Nxd5 15. d4
Ba6 16. dxc5 bxc5 17. O-O Ne5 18. b3 Qf6 19. f4 Nc6 20. c4 Nde7 21. Qb2 Nd4 22.
Nxd4 cxd4 23. Nf2 Rad8 24. Ne4 Qf5 25. Qa3 1-0

[Event "16th Asian Games Team Women"]
[Site "Guangzhou CHN"]
[Date "2010.11.22"]
[Round "5.11"]
[White "Hejazipour, Mitra"]
[Black "Hamrakulova, Yulduz"]
[Result "0-1"]
[WhiteTitle "WFM"]
[BlackTitle "WIM"]
[WhiteElo "2268"]
[BlackElo "2180"]
[WhiteTeam "IRI"]
[BlackTeam "UZB"]
[WhiteFideId "12505951"]
[BlackFideId "14201151"]
[EventDate "2010.11.18"]

1. d4 Nf6 2. c4 e6 3. Nf3 d5 4. Nc3 Bb4 5. Bg5 Nbd7 6. cxd5 exd5 7. Rc1 c6 8. e3
Qa5 9. Qb3 Ne4 10. Bf4 c5 11. a3 Bxc3+ 12. bxc3 O-O 13. dxc5 Qxc5 14. Be2 Nb6
15. Qb4 Bg4 16. h3 Bh5 17. g4 Bg6 18. Ne5 Rfc8 19. Qxc5 Rxc5 20. Nxg6 hxg6 21.
Be5 Rac8 22. f3 Nxc3 23. Bd4 R5c6 24. Bd3 Nb5 25. Rxc6 Rxc6 26. Bxb5 Rc1+ 27.
Kf2 Rxh1 28. Bf1 Nc4 29. Kg2 Rxf1 30. Kxf1 b6 31. a4 f6 32. Ke2 Kf7 33. h4 Ke6
34. Kd3 Ne5+ 35. Ke2 Nc4 36. Kd3 Ne5+ 37. Ke2 Nc6 38. Bb2 Ne5 39. Bd4 Nc4 40.
Kd3 Ne5+ 41. Ke2 Nc6 42. Bb2 Ne5 43. Bd4 Kd6 44. g5 Ke6 45. Bc3 Nc6 46. Bb2 Ne5
47. Bd4 Nc4 48. Kd3 Ne5+ 49. Ke2 Nc6 50. Bb2 Kf5 51. f4 Ke6 52. Kd3 Ne7 53. Bc3
Nf5 54. Be1 a6 55. Ke2 Nd6 56. Kd3 a5 57. Kd4 Ne4 58. Kd3 Nc5+ 59. Kd4 f5 0-1

[Event "16th Asian Games Team Women"]
[Site "Guangzhou CHN"]
[Date "2010.11.22"]
[Round "5.13"]
[White "Shamima, Akter Liza"]
[Black "Al-Jelda, Fatma"]
[Result "1-0"]
[WhiteTitle "WFM"]
[WhiteElo "2161"]
[BlackElo "1836"]
[WhiteTeam "BAN"]
[BlackTeam "SYR"]
[WhiteFideId "10202587"]
[BlackFideId "7600291"]
[EventDate "2010.11.18"]

1. d4 Nf6 2. c4 e6 3. Nc3 Bb4 4. Qc2 O-O 5. Bg5 h6 6. Bh4 c5 7. dxc5 Bxc5 8. e3
Nc6 9. Nf3 Be7 10. Be2 Qa5 11. Nd2 Nb4 12. Qb1 d5 13. O-O a6 14. Rd1 Rd8 15. Bg3
Bd6 16. Bxd6 Rxd6 17. cxd5 exd5 18. a3 Nc6 19. Nc4 Qd8 20. Nxd6 Qxd6 21. Qd3 Be6
22. h3 Rd8 23. Bf1 Qd7 24. Ne2 Bf5 25. Qb3 Na5 26. Qb4 Nc6 27. Qa4 Qe7 28. Nd4
Nxd4 29. Qxd4 Ne4 30. Rac1 Ng5 31. Qf4 Rd6 32. Qxf5 1-0

[Event "16th Asian Games Team Women"]
[Site "Guangzhou CHN"]
[Date "2010.11.22"]
[Round "5.18"]
[White "Byun, Sungwon"]
[Black "Safar, Reem"]
[Result "0-1"]
[WhiteTitle "WCM"]
[BlackTitle "WFM"]
[WhiteElo "1612"]
[BlackElo "1734"]
[WhiteTeam "KOR"]
[BlackTeam "QAT"]
[WhiteFideId "13200852"]
[BlackFideId "12100269"]
[EventDate "2010.11.18"]

1. e4 c6 2. d4 d5 3. exd5 cxd5 4. Bd3 Nc6 5. c3 Nf6 6. h3 e6 7. Nf3 Bd6 8. Nbd2
O-O 9. Nb3 e5 10. dxe5 Nxe5 11. Nxe5 Bxe5 12. O-O Bc7 13. Qf3 Qd6 14. Re1 Bd7
15. Bg5 Rfe8 16. Nd4 Qh2+ 0-1

[Event "16th Asian Games Team Women"]
[Site "Guangzhou CHN"]
[Date "2010.11.22"]
[Round "5.19"]
[White "Al-khelaifi, Aisha"]
[Black "Kim, Taegyeong"]
[Result "1/2-1/2"]
[WhiteElo "1640"]
[BlackElo "1515"]
[WhiteTeam "QAT"]
[BlackTeam "KOR"]
[WhiteFideId "12100625"]
[BlackFideId "13200976"]
[EventDate "2010.11.18"]

1. e4 c5 2. Nc3 Nc6 3. g3 g6 4. Bg2 Bg7 5. d3 d6 6. f4 Nf6 7. Nf3 Bg4 8. O-O O-O
9. h3 Bxf3 10. Bxf3 Qd7 11. g4 a6 12. a4 Nd4 13. Bg2 Rab8 14. Be3 Nc6 15. Qd2
Rfc8 16. f5 b5 17. axb5 axb5 18. Bh6 b4 19. Ne2 Ne5 20. Ng3 Qb5 21. b3 Qb6 22.
Kh1 Qd8 23. Qg5 Bxh6 24. Qxh6 Qf8 25. Qf4 Ra8 26. g5 Nfd7 27. h4 Rxa1 28. Rxa1
Ra8 29. Rxa8 Qxa8 30. Qf2 Qa1+ 31. Qf1 Qxf1+ 32. Nxf1 Ng4 33. Kg1 Kg7 34. Bh3
Nge5 35. Ne3 Nb6 36. Kf2 f6 37. gxf6+ Kxf6 38. Ng4+ Nxg4+ 39. Bxg4 d5 40. Ke3 c4
41. fxg6 hxg6 42. bxc4 dxc4 43. dxc4 Nxc4+ 44. Kd4 Na5 45. e5+ Kg7 46. Kd5 b3
47. cxb3 Nxb3 48. Ke6 Kf8 49. Bd1 Nd4+ 50. Kd5 Nf5 51. h5 Ne3+ 52. Ke6 Nxd1 53.
hxg6 Ne3 54. g7+ Kxg7 55. Kxe7 Nf5+ 56. Ke6 1/2-1/2

[Event "16th Asian Games Team Women"]
[Site "Guangzhou CHN"]
[Date "2010.11.22"]
[Round "5.20"]
[White "Kim, Hyoyoung"]
[Black "Al-Khelaifi, Kholoud"]
[Result "1-0"]
[WhiteElo "1355"]
[BlackElo "1493"]
[WhiteTeam "KOR"]
[BlackTeam "QAT"]
[WhiteFideId "13200585"]
[BlackFideId "12100145"]
[EventDate "2010.11.18"]

1. e4 e5 2. Nf3 Nc6 3. Bb5 a6 4. Ba4 Nf6 5. O-O b5 6. Bb3 Bc5 7. h3 Nxe4 8. Bd5
Ng3 9. Re1 Qf6 10. Bxc6 Qxc6 11. Rxe5+ Kf8 12. d4 Bd6 13. fxg3 Bxe5 14. Nxe5 Qe6
15. Bf4 Bb7 16. Nd2 Qd5 17. Nef3 d6 18. c3 Re8 19. Qf1 h6 20. Qf2 g5 21. Be3 Qe6
22. Nf1 Bd5 23. a3 Qg6 24. g4 Ke7 25. Re1 Kd7 26. Ng3 Be6 27. Qd2 Ref8 28. d5
Bxg4 29. hxg4 f6 30. Qe2 Qf7 31. c4 Re8 32. Nf5 h5 33. Nh2 Qh7 34. Rf1 h4 35.
cxb5 axb5 36. Qxb5+ Kc8 37. Qa6+ Kd7 38. Qc6+ Kd8 39. Rc1 Rhf8 40. Bb6 Rf7 41.
Qa8+ Kd7 42. Rxc7# 1-0

[Event "16th Asian Games Team Women"]
[Site "Guangzhou CHN"]
[Date "2010.11.22"]
[Round "5.22"]
[White "Hallaeva, Bahar"]
[Black "Tamara, Khateeb"]
[Result "1-0"]
[WhiteTitle "WFM"]
[WhiteElo "2184"]
[BlackElo "1890"]
[WhiteTeam "TKM"]
[BlackTeam "JOR"]
[WhiteFideId "14000679"]
[BlackFideId "8103674"]
[EventDate "2010.11.18"]

1. e4 c5 2. c3 e5 3. Nf3 Nc6 4. Bc4 Nf6 5. Ng5 d5 6. exd5 Na5 7. Bb5+ Bd7 8.
Bxd7+ Qxd7 9. Qe2 Qxd5 10. O-O Nc6 11. Re1 Be7 12. Na3 O-O 13. Nc4 Nh5 14. d3
Bxg5 15. Bxg5 Nf4 16. Qe4 Qxd3 17. Nxe5 Qxe4 18. Rxe4 Nxe5 19. Bxf4 Nd3 20. g3
Nxb2 21. Rb1 Nd3 22. Rxb7 a6 23. Ra4 Rfe8 24. Rb6 Re6 25. Raxa6 Ree8 26. Rxa8
Rxa8 27. Rb8+ Rxb8 28. Bxb8 Nb2 29. Kf1 Na4 30. c4 Nb2 31. Ba7 Nxc4 32. Bxc5 Nb2
33. Bd4 Na4 34. Ke2 f6 35. Kd3 Kf7 36. Kc4 Ke6 37. Kb5 Kd5 38. Kxa4 Kxd4 39. Kb5
Kd5 40. a4 Kd6 41. Kb6 Kd7 42. Kb7 Kd6 43. a5 1-0

[Event "16th Asian Games Team Women"]
[Site "Guangzhou CHN"]
[Date "2010.11.22"]
[Round "5.23"]
[White "Boshra, Alshaeby"]
[Black "Ovezova, Maisa"]
[Result "1/2-1/2"]
[BlackTitle "WFM"]
[WhiteElo "1807"]
[BlackElo "2087"]
[WhiteTeam "JOR"]
[BlackTeam "TKM"]
[WhiteFideId "8102937"]
[BlackFideId "14000393"]
[EventDate "2010.11.18"]

1. d4 g6 2. e4 Bg7 3. Nc3 c6 4. Be3 d5 5. f3 h5 6. Qd2 Nh6 7. O-O-O a6 8. h4 b5
9. Kb1 Bb7 10. e5 e6 11. g4 Nd7 12. gxh5 gxh5 13. Nge2 Nf5 14. Bg5 f6 15. exf6
Bxf6 16. Bh3 Nxh4 17. Bxh4 Bxh4 18. Bxe6 Nf8 19. Bh3 Bc8 20. Nf4 Bxh3 21. Nxh3
Ra7 22. f4 Rah7 23. Ng5 Bxg5 24. fxg5 Kd7 25. Rdf1 Rg7 26. Rhg1 h4 27. Qh2 Kc8
28. Rf6 Kb7 29. Rh6 Rhg8 30. Rxh4 Rxg5 31. Rf1 Rg2 32. Rg1 R2g5 33. Rf1 Rg2 34.
Qf4 Rg1 35. Qf7+ Qc7 36. Rf4 Rxf1+ 37. Rxf1 Qxf7 38. Rxf7+ Kb6 39. b3 Ne6 40.
Rf6 Rg1+ 41. Kb2 Re1 42. Rh6 Nxd4 43. Nxd5+ Kc5 44. Nf4 Re4 45. Nd3+ Kb6 46. Rh2
a5 47. a3 1/2-1/2

[Event "16th Asian Games Team Women"]
[Site "Guangzhou CHN"]
[Date "2010.11.23"]
[Round "6"]
[White "Hou, Yifan"]
[Black "Muminova, Nafisa"]
[Result "1-0"]
[WhiteTitle "GM"]
[BlackTitle "WIM"]
[WhiteElo "2591"]
[BlackElo "2360"]
[WhiteTeam "CHN"]
[BlackTeam "UZB"]
[WhiteFideId "8602980"]
[BlackFideId "14201526"]
[EventDate "2010.11.18"]

1. e4 e6 2. d4 d5 3. Nd2 Nf6 4. e5 Nfd7 5. Bd3 c5 6. c3 Nc6 7. Ne2 cxd4 8. cxd4
f6 9. exf6 Nxf6 10. Nf3 Bd6 11. O-O Qc7 12. Bd2 O-O 13. Rc1 Bd7 14. Ng3 Qb6 15.
Bc3 Bf4 16. Ra1 g6 17. a3 Rae8 18. Ne5 Nxd4 19. Nxd7 Nxd7 20. Bxg6 hxg6 21. Bxd4
Qd6 22. Bc3 b6 23. Qd3 e5 24. Rad1 d4 25. Bb4 Nc5 26. Ne4 Nxd3 27. Bxd6 Nxb2 28.
Rb1 Nc4 29. Bxf8 Rxf8 30. Rb3 Kf7 31. g3 Bh6 32. Rb4 Na5 33. f4 Ke6 34. Re1 Rf5
35. Nf2 Nc6 36. Rb5 Kd6 37. Ng4 Bg7 38. fxe5+ Nxe5 39. Nxe5 Rxe5 40. Rexe5 Bxe5
41. Rb1 Kc6 42. Kf2 b5 43. Ke2 Bf6 44. Rf1 Be7 45. Rf7 Bxa3 46. Rxa7 b4 47. Kd3
Bb2 48. Ke4 1-0

[Event "16th Asian Games Team Women"]
[Site "Guangzhou CHN"]
[Date "2010.11.23"]
[Round "6"]
[White "Sabirova, Olga"]
[Black "Ju, Wenjun"]
[Result "1/2-1/2"]
[WhiteTitle "WIM"]
[BlackTitle "WGM"]
[WhiteElo "2205"]
[BlackElo "2524"]
[WhiteTeam "UZB"]
[BlackTeam "CHN"]
[WhiteFideId "14200201"]
[BlackFideId "8603006"]
[EventDate "2010.11.18"]

1. e4 c5 2. Nc3 e6 3. g3 Nc6 4. Bg2 g6 5. d3 Bg7 6. Be3 d6 7. Qd2 Rb8 8. Nge2
Nd4 9. O-O Ne7 10. Bh6 O-O 11. Bxg7 Kxg7 12. Nxd4 cxd4 13. Ne2 e5 14. c3 dxc3
15. Qxc3 Bg4 16. f3 Be6 17. b3 Qb6+ 18. d4 Rbc8 19. Qd2 Nc6 20. Kh1 Nxd4 21.
Nxd4 Qxd4 22. Qxd4 exd4 23. Rf2 Rc3 24. Rd1 Rfc8 25. Bf1 Rc1 26. Rxc1 Rxc1 27.
Kg2 Rd1 28. Be2 Ra1 29. Bd3 Kf6 30. f4 Bd7 31. Rd2 Bc6 32. h4 Ke7 33. Kf2 Rh1
34. Kg2 Re1 35. Kf2 Rc1 36. Re2 f6 37. Rd2 Ra1 38. Re2 Rh1 39. Rd2 Rh2+ 40. Ke1
Rxd2 41. Kxd2 d5 42. exd5 Bxd5 43. h5 f5 44. hxg6 hxg6 45. Be2 Kd6 46. b4 Be4
47. Bc4 Ke7 48. a3 Kf6 49. Bb5 g5 50. Bc4 gxf4 51. gxf4 Ke7 52. Bb3 Kd6 53. Bd1
Kc6 54. Ba4+ Kb6 55. Bd7 Kc7 56. Ba4 Kd6 57. Bb3 b6 58. Bd1 Ke6 59. Bb3+ Bd5 60.
Bd1 Bc4 61. Bf3 Bd5 62. Bd1 Be4 63. Bb3+ Kd7 64. Ba4+ Kc7 65. Bd1 Kd6 66. Bb3 a5
67. Bd1 Bb1 68. Bb3 Be4 69. Bd1 Kc7 70. Bb3 Kb7 71. Be6 Kc6 72. Bc4 Bb1 73. Kc1
Be4 74. Kd2 Kd6 75. Bb3 Ke7 76. Bc4 Kf6 77. Be2 Ke7 78. Bc4 Kd7 79. Bb5+ Kd6 80.
Bc4 Kc6 81. Ke2 axb4 82. axb4 Bb1 83. Kd2 Kd6 84. Kc1 Be4 85. Kd2 Bd5 86. Bd3
Be4 87. Bc4 Kc6 88. Ke2 Bd5 89. Bd3 Be6 90. Kd2 Kd5 91. Kc2 Bc8 92. Kb3 Bd7 93.
Ka3 Be8 94. Kb3 Bg6 95. Kb2 Bh5 96. Kb3 Bd1+ 97. Kb2 Bg4 98. Kb3 Bd1+ 99. Kb2
Bf3 100. Kb3 Be4 101. Bc4+ Kc6 102. Kb2 Bd5 103. Bd3 Be6 104. Kc2 Kd6 105. Kb2
Kd5 106. Kb3 Bd7 107. Kb2 Be6 108. Kb3 Kc6+ 109. Kb2 Kd6 110. Kc2 Bd7 111. Kb3
Kd5 112. Kb2 Ba4 113. Ka3 Bd1 114. Kb2 Bg4 115. Kb3 Bh3 116. Kb2 Bg4 117. Kb3
Bd1+ 118. Kb2 Bg4 1/2-1/2

[Event "16th Asian Games Team Women"]
[Site "Guangzhou CHN"]
[Date "2010.11.23"]
[Round "6"]
[White "Zhao, Xue"]
[Black "Hamrakulova, Yulduz"]
[Result "1-0"]
[WhiteTitle "GM"]
[BlackTitle "WIM"]
[WhiteElo "2474"]
[BlackElo "2180"]
[WhiteTeam "CHN"]
[BlackTeam "UZB"]
[WhiteFideId "8601283"]
[BlackFideId "14201151"]
[EventDate "2010.11.18"]

1. d4 Nf6 2. c4 e6 3. Nf3 d5 4. g3 Bb4+ 5. Nbd2 dxc4 6. Bg2 b5 7. O-O O-O 8. b3
c3 9. Nb1 Bb7 10. Bg5 c5 11. Qd3 Nbd7 12. a3 c4 13. bxc4 bxc4 14. Qc2 Qa5 15.
Nbd2 cxd2 16. axb4 Qb5 17. Bxd2 Be4 18. Qd1 Nd5 19. Ra5 Qb7 20. Qa1 Nxb4 21. Rb1
Bxb1 22. Qxb1 Rfb8 23. Ng5 Nd5 24. Qxh7+ Kf8 25. Be4 N7f6 26. Qh8+ Ke7 27. Qxg7
Rf8 28. Bg6 Ne8 29. Qe5 Nef6 30. Bxf7 Rxf7 31. Qxe6+ Kf8 32. Nxf7 Qxf7 33. Qc6
Re8 34. Qxc4 Qb7 35. Qd3 Qf7 36. f3 Nh7 37. Bh6+ Kg8 38. Rxd5 1-0

[Event "16th Asian Games Team Women"]
[Site "Guangzhou CHN"]
[Date "2010.11.23"]
[Round "6"]
[White "Nodirjanova, Nodira"]
[Black "Huang, Qian"]
[Result "1/2-1/2"]
[BlackTitle "WGM"]
[WhiteElo "2149"]
[BlackElo "2402"]
[WhiteTeam "UZB"]
[BlackTeam "CHN"]
[WhiteFideId "14201232"]
[BlackFideId "8602689"]
[EventDate "2010.11.18"]

1. d4 Nf6 2. c4 g6 3. Nc3 Bg7 4. e4 d6 5. Be2 O-O 6. Bg5 Nbd7 7. Qd2 e5 8. d5 a5
9. f3 Nc5 10. Bd1 c6 11. Nge2 cxd5 12. cxd5 a4 13. Rb1 Qa5 14. Nc1 Bd7 15. b4
axb3 16. axb3 Na6 17. Nd3 Nb4 18. Nxb4 Qxb4 19. Ne2 Qa3 20. Nc3 Qb4 21. Ne2
Qxd2+ 22. Kxd2 Rfc8 23. Nc3 Be8 24. Be2 Nd7 25. b4 Nb6 26. Be3 Nc4+ 27. Bxc4
Rxc4 28. b5 Bf6 29. Kd3 Rcc8 30. Ra1 Bd8 31. b6 Kf8 32. Rhb1 Rxa1 33. Rxa1 Bd7
34. g4 f5 35. h3 Bh4 36. Ra3 Be1 37. Bd2 Bf2 38. Ra7 Rb8 39. Be3 Be1 40. Bd2 Bf2
41. Be3 Be1 42. Ra1 Bxc3 43. Kxc3 f4 44. Bf2 Bb5 45. Kd2 Rc8 46. h4 h6 47. Ra5
Ba6 48. Ra4 Ke7 49. Bg1 Kd7 50. Bf2 Bf1 51. Ra1 Bb5 52. Ra5 Bc4 1/2-1/2